Női kereskedelmi tanfolyam

Správa o tom, že riaditeľ vyššej obchodnej školy v Humennom Alex (Elek) Cseh vypočul sťažnosť rodičov dievčat, ktoré nemajú možnosť získania ďaľšieho vzdelania. Rrozhodol sa vybaviť povolenie na zriadenie obchodníckeho kurzu pre dievčatá, ktorý sa bude konať pri tejto škole....

Celý popis

Podrobná bibliografia
Médium: Článok
Jazyk:Hungarian
Témy:
Zdroj: 1. Felvidéki Hirlap : Közgazdasági, társadalmi és szépirodalmi hetilap 1. Roč. 1, č. 17 (05.07.1908) s. 3
LEADER 01100nab#a2200301#ar4500
001 000072865
003 SVKKK
005 20030415xxxxxxx.
008 06 c xo huno
FMT
038 |a SVKKK 
040 |a SVKKK  |b slo  |e AACR2 
041 0 |a hun 
044 |a xo  |c SK 
080 |a 374:377 
242 1 0 |a Obchodnícky kurz pre ženy 
245 0 0 |a Női kereskedelmi tanfolyam 
500 |a mikrofilm 
520 2 |a Správa o tom, že riaditeľ vyššej obchodnej školy v Humennom Alex (Elek) Cseh vypočul sťažnosť rodičov dievčat, ktoré nemajú možnosť získania ďaľšieho vzdelania. Rrozhodol sa vybaviť povolenie na zriadenie obchodníckeho kurzu pre dievčatá, ktorý sa bude konať pri tejto škole. 
650 0 4 |a kurzy - kurz obchodnícky (pre ženy) - práce prípravné - Humenné - rok 1908 - správy 
773 0 |t Felvidéki Hirlap : Közgazdasági, társadalmi és szépirodalmi hetilap  |g Roč. 1, č. 17 (05.07.1908) s. 3 
957 |a Humenné 
958 |a DG 
958 |a SK 
974 |a Ba  |d 20030415 
992 |a RBX 
BAS
998 |a RETRO